Les bangers de ce monde - Statistiques

Statistiques générales
  • Ce quiz a été pris 37 fois
  • Le résultat moyen est 11 sur 16
Statistiques - réponses
Par images Réponse % Correct
france
97%
breaking bad
94%
fortnite
94%
prison break
94%
minecraft
91%
peaky blinders
91%
viet nam
91%
suits
75%
inception
63%
philippines
63%
red dead redemption 2
53%
apex legends
47%
timor oriental
47%
interstellar
44%
le cercle des poètes disparus
28%
gran turismo
16%
Aucun quiz correspondant
Distribution des résultats
% des personnes avec chaque résultat
Percentile par nombre de réponses
Votre historique - résultats
Vous n’avez pas pris ce quiz